[Event "13. Open Diputación Málaga"]
[Site "Málaga ESP"]
[Date "2010.02.22"]
[Round "4.8"]
[White "Terron Elena, Francisco Miguel"]
[Black "Quillan, Gary"]
[Result "1-0"]
[WhiteElo "2278"]
[BlackElo "2364"]
[PlyCount "113"]
[EventDate "2010.02.20"]
[EventType "swiss"]
[EventRounds "9"]
[EventCountry "ESP"]
[Source "lmi"]
[SourceDate "2010.02.20"]

1. d4 Nf6 2. c4 c5 3. d5 e6 4. Nc3 exd5 5. cxd5 d6 6. e4 g6 7. f3 Bg7 8. Bg5
O-O 9. Qd2 h6 10. Be3 Re8 11. Nge2 Na6 12. Nc1 Nc7 13. Be2 h5 14. O-O Rb8 15.
a4 a6 16. N1a2 Nh7 17. b4 b6 18. a5 bxa5 19. bxc5 dxc5 20. Rab1 Bd7 21. Rxb8
Qxb8 22. Bxc5 Nb5 23. Na4 h4 24. Nb6 Qc7 25. Rc1 h3 26. d6 Qb7 27. Bc4 hxg2 28.
Bd5 Bc6 29. Bxc6 Qxc6 30. d7 Rd8 31. Bf2 Qf6 32. Rc8 Ng5 33. Nd5 Nxf3+ 34. Kxg2
Nxd2 35. Nxf6+ Bxf6 36. Bb6 Rf8 37. e5 Bh4 38. Bf2 Bg5 39. h4 Be7 40. Bc5 Bxc5
41. Rxf8+ Bxf8 42. d8=Q Nc4 43. e6 fxe6 44. Qf6 Nc7 45. Qxg6+ Bg7 46. Qd3 Nd5
47. Kh1 Nce3 48. Qxa6 Kf7 49. Qxa5 Nf5 50. Nc1 Nxh4 51. Nd3 Ng6 52. Qa7+ Nge7
53. Qd7 Bd4 54. Ne1 Kf6 55. Nf3 Be3 56. Qd8 Kg7 57. Ne5 1-0

[Event "13. Open Diputación Málaga"]
[Site "Málaga ESP"]
[Date "2010.02.25"]
[Round "7.2"]
[White "Berbatov, Kiprian"]
[Black "Matamoros Franco, Carlos S"]
[Result "0-1"]
[WhiteElo "2455"]
[BlackElo "2545"]
[PlyCount "90"]
[EventDate "2010.02.20"]
[EventType "swiss"]
[EventRounds "9"]
[EventCountry "ESP"]
[Source "lmi"]
[SourceDate "2010.02.20"]

1. e4 e5 2. Nf3 Nc6 3. Bb5 Nf6 4. O-O Nxe4 5. d4 Nd6 6. dxe5 Nxb5 7. a4 d6 8.
e6 Bxe6 9. axb5 Ne5 10. Nd4 Be7 11. f4 Bg4 12. Qe1 c5 13. fxe5 cxd4 14. Qg3 Qd7
15. h3 Be6 16. Qxg7 O-O-O 17. exd6 Bxd6 18. Bf4 Bxf4 19. Rxf4 Qd5 20. c4 Qxc4
21. Rxa7 Qc1+ 22. Rf1 Qe3+ 23. Kh1 Kb8 24. Ra3 d3 25. Qf6 Rhg8 26. Qf2 Qxf2 27.
Rxf2 Rg5 28. Rd2 Rxb5 29. Nc3 Re5 30. Ra1 Bb3 31. Rf1 f5 32. Rf4 Bc2 33. Kh2
Rde8 34. Rd4 Re2 35. R4xd3 Bxd3 36. Rxd3 Rxb2 37. Nd1 Ree2 38. Nc3 Re5 39. Rd4
b5 40. Rf4 Rd5 41. Kg3 Kb7 42. Kf3 Kc6 43. g4 fxg4+ 44. hxg4 Kb6 45. Ne4 Rd3#
0-1

[Event "13. Open Diputación Málaga"]
[Site "Málaga ESP"]
[Date "2010.02.26"]
[Round "8.3"]
[White "Munoz Moreno, Francisco Javier"]
[Black "Strikovic, Aleksa"]
[Result "0-1"]
[WhiteElo "2295"]
[BlackElo "2531"]
[PlyCount "94"]
[EventDate "2010.02.20"]
[EventType "swiss"]
[EventRounds "9"]
[EventCountry "ESP"]
[Source "lmi"]
[SourceDate "2010.02.20"]

1. d4 d6 2. Nf3 f5 3. g3 Nf6 4. Bg2 g6 5. c4 Bg7 6. Nc3 O-O 7. O-O Qe8 8. d5
Na6 9. Nd4 e5 10. dxe6 c6 11. b3 Bxe6 12. Bb2 Rd8 13. Qc2 Bc8 14. Rad1 Nc5 15.
b4 Ne6 16. Nb3 f4 17. Ne4 Qe7 18. b5 c5 19. e3 fxe3 20. Bxf6 Bxf6 21. fxe3 Be5
22. Nc3 Bxc3 23. Qxc3 Ng5 24. Bd5+ Be6 25. Qd3 Bxd5 26. Qxd5+ Kg7 27. Qd3 b6
28. Nd2 Qe5 29. e4 Qe6 30. Nf3 Nf7 31. Qc3+ Kg8 32. Rfe1 Rde8 33. Re3 Nh6 34.
Kg2 Re7 35. h3 Nf7 36. Rde1 Rfe8 37. R3e2 h5 38. h4 Qg4 39. Nh2 Qd7 40. Nf3 Re6
41. Re3 Qd8 42. R1e2 Rf8 43. Rf2 Nh6 44. Rfe2 Ng4 45. Rd3 d5 46. Qe1 dxe4 47.
Rd5 Rxf3 0-1

[Event "13. Open Diputación Málaga"]
[Site "Málaga ESP"]
[Date "2010.02.26"]
[Round "8.5"]
[White "Quillan, Gary"]
[Black "Berbatov, Kiprian"]
[Result "1-0"]
[WhiteElo "2364"]
[BlackElo "2455"]
[PlyCount "61"]
[EventDate "2010.02.20"]
[EventType "swiss"]
[EventRounds "9"]
[EventCountry "ESP"]
[Source "lmi"]
[SourceDate "2010.02.20"]

1. e4 c5 2. Nf3 Nf6 3. e5 Nd5 4. c3 d6 5. d4 cxd4 6. cxd4 Nc6 7. Bc4 Nb6 8. Bb3
dxe5 9. d5 Na5 10. Nc3 Nxb3 11. Qxb3 e6 12. Nxe5 exd5 13. O-O Be7 14. Be3 O-O
15. Bxb6 axb6 16. Nxd5 Bc5 17. Nd3 Be6 18. N3f4 Bf5 19. Rad1 Qg5 20. Rfe1 Bg4
21. Rc1 h5 22. h3 Bd7 23. Rxc5 bxc5 24. Ne7+ Kh7 25. Qd3+ Kh6 26. Qd6+ f6 27.
h4 Qg4 28. Re5 Rxa2 29. Ned5 Rg8 30. Ne7 Kh7 31. Rxh5+ 1-0